[Event "High League 2019 m"]
[Site "Yaroslavl"]
[Date "2019.07.01"]
[Round "5.7"]
[White "Shimanov, Aleksandr"]
[Black "Motylev, Alexander"]
[Result "0-1"]
[WhiteElo "2615"]
[BlackElo "2654"]
[PlyCount "76"]
[EventDate "2019.??.??"]

1. e4 e5 2. Nf3 Nc6 3. Bc4 Nf6 4. d3 Bc5 5. c3 d6 6. a4 a6 7. O-O Ba7 8. Re1 h6
9. Nbd2 Ng4 10. Re2 O-O 11. h3 Nf6 12. Re1 Be6 13. Bxe6 fxe6 14. b4 Nh5 15. Nf1
Qe8 16. Ra2 Nf4 17. Kh2 Qf7 18. Be3 Bxe3 19. fxe3 Nh5 20. Rf2 Nf6 21. N1d2 Nb8
22. a5 Nbd7 23. Ref1 Qh5 24. Kg1 d5 25. exd5 Nxd5 26. Qb3 Qg6 27. Re1 Qxd3 28.
e4 Nf4 29. Kh2 Qd6 30. Nc4 Qe7 31. Ncxe5 Nxe5 32. Nxe5 Nxg2 33. Ng6 Qd6+ 34.
Kxg2 Rxf2+ 35. Kxf2 Qh2+ 36. Kf3 Qxh3+ 37. Kf4 Qh2+ 38. Kf3 Qh5+ 0-1

[Event "High League 2019 m"]
[Site "Yaroslavl"]
[Date "2019.07.01"]
[Round "5.8"]
[White "Sakaev, Konstantin"]
[Black "Ponkratov, Pavel"]
[Result "1-0"]
[WhiteElo "2584"]
[BlackElo "2649"]
[PlyCount "77"]
[EventDate "2019.??.??"]

1. d4 Nf6 2. c4 e6 3. Nf3 c5 4. d5 exd5 5. cxd5 g6 6. Nc3 Bg7 7. e4 O-O 8. Bd3
d6 9. h3 b5 10. Bxb5 Nxe4 11. Nxe4 Qa5+ 12. Nfd2 Qxb5 13. Nxd6 Qa6 14. N2c4 Nd7
15. O-O Ne5 16. Nxc8 Raxc8 17. Nxe5 Bxe5 18. Re1 Rfe8 19. Bg5 Bxb2 20. Rxe8+
Rxe8 21. d6 Bxa1 22. d7 Rf8 23. d8=Q Rxd8 24. Qxd8+ Kg7 25. Be7 g5 26. Bxc5
Qxa2 27. Qxg5+ Kh8 28. Qd8+ Kg7 29. Qg5+ Kh8 30. Qd8+ Kg7 31. Qf8+ Kg6 32. Qg8+
Kf6 33. Qxh7 a5 34. Qh6+ Ke5 35. Qd6+ Ke4 36. f3+ Kf5 37. g4+ Kg5 38. Be3+ Kh4
39. Bf2+ 1-0

[Event "High League 2019 m"]
[Site "Yaroslavl"]
[Date "2019.07.01"]
[Round "5.13"]
[White "Alekseenko, Kirill"]
[Black "Lomasov, Semyon"]
[Result "1-0"]
[WhiteElo "2650"]
[BlackElo "2542"]
[PlyCount "79"]
[EventDate "2019.??.??"]

1. e4 e5 2. Nf3 Nc6 3. Bc4 Nf6 4. d3 Be7 5. O-O O-O 6. Re1 d6 7. a4 Na5 8. Ba2
c5 9. c3 Nc6 10. Nbd2 Be6 11. Nc4 h6 12. h3 Re8 13. Bd2 a6 14. Ne3 Bxa2 15.
Rxa2 Bf8 16. Nh2 d5 17. Nhg4 Nxg4 18. Qxg4 dxe4 19. dxe4 Nb4 20. cxb4 Qxd2 21.
Rd1 Qxb4 22. Nd5 Qb3 23. Ra3 Qxb2 24. Rf3 Qc2 25. Ne3 Qxa4 26. Rd7 Re7 27. Rxe7
Bxe7 28. Nf5 Qd1+ 29. Kh2 Bf6 30. Nxh6+ Kf8 31. Nxf7 Ke7 32. Qg6 Rf8 33. Ng5
Qd2 34. Rf5 Qd3 35. Nh7 Rf7 36. g4 Qb3 37. g5 Qe6 38. Qh5 Bxg5 39. Qxg5+ Kd6
40. Qd2+ {Kd5} 1-0

[Event "High League 2019 m"]
[Site "Yaroslavl"]
[Date "2019.07.01"]
[Round "5.14"]
[White "Najer, Evgeniy"]
[Black "Salemgareev, Tagir"]
[Result "0-1"]
[WhiteElo "2678"]
[BlackElo "2412"]
[PlyCount "136"]
[EventDate "2019.??.??"]

1. e4 c5 2. Nf3 Nc6 3. d4 cxd4 4. Nxd4 e5 5. Nb5 d6 6. c4 Be7 7. N1c3 a6 8. Na3
f5 9. exf5 Bxf5 10. Bd3 Be6 11. Nc2 Nf6 12. O-O O-O 13. Ne3 Qd7 14. Ne4 Rae8
15. b3 Kh8 16. Ng5 Bd8 17. Nxe6 Qxe6 18. Bf5 Qe7 19. Bh3 Nd4 20. g3 Bb6 21. Bg2
Bc5 22. Rb1 b5 23. b4 Ba7 24. a4 bxc4 25. Nxc4 d5 26. Ne3 Qe6 27. Bd2 Ne4 28.
Rb2 Ng5 29. Qg4 Ngf3+ 30. Kh1 Qf7 31. b5 Bc5 32. h4 axb5 33. axb5 e4 34. Bc3
Ne5 35. Qd1 Nd3 36. Bxd4 Bxd4 37. Rd2 Qa7 38. Ng4 Bxf2 39. Rxd3 exd3 40. Qxd3
Bd4 41. Rd1 Bb6 42. Bxd5 Qa4 43. Nh6 Rd8 44. Qe2 Qa7 45. Ng4 Qa3 46. Kg2 Qc5
47. Qd3 Qe7 48. Rd2 Rd6 49. Qc2 Qe1 50. Rd1 Qe7 51. Rd2 Re8 52. Bc6 Rxd2+ 53.
Qxd2 Rf8 54. h5 Qe6 55. Qd7 Qe1 56. Kh3 Qf1+ 57. Bg2 Qf5 58. Qxf5 Rxf5 59. Bc6
Rxh5+ 60. Kg2 Rf5 61. Bd7 Rd5 62. Bc6 Rd2+ 63. Kf3 Rd3+ 64. Kf4 Rd4+ 65. Kf3
Rd3+ 66. Kf4 Bc7+ 67. Ne5 g6 68. b6 Rd4+ 0-1

[Event "High League 2019 m"]
[Site "Yaroslavl"]
[Date "2019.07.03"]
[Round "6.1"]
[White "Sjugirov, Sanan"]
[Black "Predke, Alexandr"]
[Result "1/2-1/2"]
[WhiteElo "2667"]
[BlackElo "2632"]
[PlyCount "28"]
[EventDate "2019.??.??"]

1. d4 d5 2. c4 dxc4 3. e4 e5 4. Nf3 exd4 5. Bxc4 Bb4+ 6. Nbd2 Nc6 7. Qb3 Qf6 8.
O-O Nge7 9. e5 Qg6 10. Bd3 Qe6 11. Bc4 Qg6 12. Bd3 Qe6 13. Bc4 Qg6 14. Bd3 Qe6
1/2-1/2

[Event "High League 2019 m"]
[Site "Yaroslavl"]
[Date "2019.07.03"]
[Round "6.2"]
[White "Motylev, Alexander"]
[Black "Esipenko, Andrey"]
[Result "1/2-1/2"]
[WhiteElo "2654"]
[BlackElo "2611"]
[PlyCount "105"]
[EventDate "2019.??.??"]

1. e4 e5 2. Nf3 Nc6 3. Bb5 a6 4. Ba4 Nf6 5. O-O Be7 6. Bxc6 dxc6 7. d3 Nd7 8.
Nc3 O-O 9. Be3 Bd6 10. Ne2 c5 11. Nd2 Nb8 12. f4 exf4 13. Nxf4 Nc6 14. Nc4 f5
15. Nxd6 cxd6 16. exf5 Bxf5 17. Nd5 Rf7 18. Qd2 Qf8 19. Rf2 Ne7 20. Nb6 Re8 21.
Raf1 Nc8 22. Nd5 Ne7 23. Nc3 Be6 24. Rxf7 Bxf7 25. Ne4 Nd5 26. Bf2 h6 27. Bg3
Re6 28. Rf5 Ne7 29. Rf1 Nd5 30. c4 Nc7 31. Bxd6 Rxd6 32. Rxf7 Qxf7 33. Nxd6 Qf6
34. Ne4 Qd4+ 35. Kh1 Ne6 36. h3 Qe5 37. Qf2 b5 38. cxb5 axb5 39. Qc2 Kh8 40. a4
bxa4 41. Qxa4 Kh7 42. Qc2 Kh8 43. Qc4 Qf5 44. Qc1 Qe5 45. Qc2 Qd5 46. Qc3 Qf5
47. Kg1 Qf4 48. Qe1 Qe5 49. Qe2 Nf4 50. Qf3 Ne6 51. Nc3 Qb8 52. Qf2 Nf4 53.
Qxc5 1/2-1/2

[Event "High League 2019 m"]
[Site "Yaroslavl"]
[Date "2019.07.03"]
[Round "6.3"]
[White "Khismatullin, Denis"]
[Black "Sarana, Alexey"]
[Result "0-1"]
[WhiteElo "2618"]
[BlackElo "2641"]
[PlyCount "110"]
[EventDate "2019.??.??"]

1. e4 c5 2. Nc3 d6 3. d4 cxd4 4. Qxd4 Nc6 5. Qd2 g6 6. b3 Bh6 7. f4 f5 8. Bb2
Nf6 9. Bd3 Qa5 10. exf5 Bxf5 11. Nge2 O-O-O 12. a3 Bxd3 13. Qxd3 Qf5 14. Rd1
Bg7 15. Ne4 Qxe4 16. Qxe4 Nxe4 17. Bxg7 Rhg8 18. Bb2 Rgf8 19. O-O e6 20. Rf3 d5
21. Re1 a6 22. Ng3 Nxg3 23. hxg3 Rde8 24. g4 h5 25. gxh5 gxh5 26. f5 exf5 27.
Rxe8+ Rxe8 28. Rxf5 Re2 29. Rf2 Re1+ 30. Kh2 d4 31. Rd2 Re4 32. Kg3 Kc7 33. Kf3
Rg4 34. Kf2 b5 35. Rd3 Kd6 36. Rf3 h4 37. Bc1 Ne5 38. Rf4 d3 39. Rf6+ Kd5 40.
c3 Re4 41. Kf1 a5 42. Rf8 a4 43. Rd8+ Kc5 44. Rc8+ Kb6 45. bxa4 bxa4 46. Rb8+
Kc7 47. Rb4 Nc4 48. Kf2 d2 49. Rxc4+ Rxc4 50. Bxd2 Kd6 51. Ke3 Rg4 52. Be1 Rxg2
53. Bxh4 Ra2 54. Kd3 Rxa3 55. Kc2 Ra2+ 0-1

[Event "High League 2019 m"]
[Site "Yaroslavl"]
[Date "2019.07.03"]
[Round "6.6"]
[White "Fedoseev, Vladimir"]
[Black "Rozum, Ivan"]
[Result "1-0"]
[WhiteElo "2680"]
[BlackElo "2572"]
[PlyCount "81"]
[EventDate "2019.??.??"]

1. e4 c6 2. d4 d5 3. e5 Bf5 4. Nf3 e6 5. Be2 Ne7 6. c3 c5 7. dxc5 Nec6 8. b4
Nd7 9. Nd4 Bxb1 10. Rxb1 Ndxe5 11. Qa4 Qc8 12. Bf4 f6 13. O-O Be7 14. Be3 O-O
15. f4 Nf7 16. Bb5 Nfd8 17. Nf3 f5 18. Qb3 Bf6 19. Rbd1 Ne7 20. Be2 Ndc6 21.
Rfe1 h6 22. h4 Qc7 23. b5 Na5 24. Qb4 Nc4 25. Bxc4 dxc4 26. Qxc4 Nd5 27. Bd4
Nxf4 28. Bxf6 Rxf6 29. Rd6 Ng6 30. Rexe6 Qf7 31. c6 bxc6 32. Qxc6 Rxe6 33. Rxe6
Nf8 34. Qxa8 Qxe6 35. Qxa7 Nd7 36. Qd4 Nf6 37. c4 Qe2 38. b6 Qxa2 39. Kh2 Qb1
40. c5 Qb5 41. Ne5 1-0

[Event "High League 2019 m"]
[Site "Yaroslavl"]
[Date "2019.07.03"]
[Round "6.9"]
[White "Zvjaginsev, Vadim"]
[Black "Frolyanov, Dmitry"]
[Result "1/2-1/2"]
[WhiteElo "2644"]
[BlackElo "2538"]
[PlyCount "120"]
[EventDate "2019.??.??"]

1. e4 e5 2. Nf3 Nf6 3. Nxe5 d6 4. Nf3 Nxe4 5. d3 Nf6 6. d4 Be7 7. Bd3 O-O 8.
O-O Bg4 9. h3 Bh5 10. Re1 Nbd7 11. Bf4 Re8 12. Nbd2 Nf8 13. c3 Ne6 14. Be3 c6
15. Qb3 Qd7 16. c4 Bg6 17. Bxg6 hxg6 18. Rad1 d5 19. Ne5 Qc7 20. Ndf3 dxc4 21.
Qxc4 Nd5 22. Bd2 Bf6 23. Re4 Rad8 24. Ng4 Nf8 25. Rde1 Rxe4 26. Rxe4 Ne6 27. b4
Qd6 28. a4 a6 29. g3 Be7 30. Nge5 Bf6 31. Kg2 Ne7 32. b5 axb5 33. axb5 cxb5 34.
Qxb5 Qd5 35. Qxd5 Rxd5 36. Bc3 b5 37. Bb4 Nf5 38. Nxg6 Nfxd4 39. Nf4 Nxf4+ 40.
Rxf4 Nc6 41. Bd2 Be7 42. Re4 b4 43. Rxe7 Nxe7 44. Bxb4 Nc6 45. Bd2 Rb5 46. h4
Rb2 47. Be3 Ra2 48. Ng5 f6 49. Nh3 Kf7 50. Bc5 Rc2 51. Bd6 Nd4 52. Bf4 Nf5 53.
Bb8 Rb2 54. Ba7 Rb7 55. Bc5 Ke6 56. Kf3 Ke5 57. Nf4 Rb3+ 58. Be3 Ra3 59. Nh5 g5
60. hxg5 fxg5 1/2-1/2

[Event "High League 2019 m"]
[Site "Yaroslavl"]
[Date "2019.07.03"]
[Round "6.10"]
[White "Lysyj, Igor"]
[Black "Popov, Ivan"]
[Result "1/2-1/2"]
[WhiteElo "2623"]
[BlackElo "2599"]
[PlyCount "117"]
[EventDate "2019.??.??"]

1. d4 d5 2. Nf3 Nf6 3. g3 c5 4. dxc5 e6 5. Bg2 Bxc5 6. c4 Nc6 7. cxd5 Qxd5 8.
O-O Qxd1 9. Rxd1 O-O 10. Nc3 Bd7 11. Ng5 Rfd8 12. Nge4 Nxe4 13. Nxe4 Be7 14.
Nd6 Bxd6 15. Rxd6 Be8 16. Rxd8 Rxd8 17. Be3 b6 18. Rc1 Rc8 19. Bf4 f6 20. Bd6
Kf7 21. f4 Ne7 22. Rxc8 Nxc8 23. Bb4 Ne7 24. Kf2 Bc6 25. e4 Ke8 26. Bc3 Kf7 27.
Bb4 f5 28. exf5 exf5 29. Bf1 Bd5 30. a3 Nc6 31. Bc3 g6 32. b4 Ke7 33. Ke3 Nd8
34. b5 Nf7 35. Bg7 Nd6 36. Kd4 Ke6 37. Be5 Bb3 38. Kc3 Bd5 39. Kb4 Kd7 40. a4
Ke6 41. Be2 h5 42. Bf1 Kd7 43. a5 Ke6 44. Bd4 Nc8 45. a6 Nd6 46. Be5 Kd7 47.
Be2 Ke6 48. Kc3 Kd7 49. Kb4 Ke6 50. Bg7 Kf7 51. Bd4 Ke6 52. Be5 Kd7 53. Bf6 Ke6
54. Bd4 Kd7 55. Bf2 Ke6 56. Be3 Kd7 57. Bc1 Ke6 58. Bb2 Kd7 59. Be5 1/2-1/2

[Event "High League 2019 m"]
[Site "Yaroslavl"]
[Date "2019.07.03"]
[Round "6.11"]
[White "Salemgareev, Tagir"]
[Black "Grachev, Boris"]
[Result "0-1"]
[WhiteElo "2412"]
[BlackElo "2621"]
[PlyCount "114"]
[EventDate "2019.??.??"]

1. d4 d5 2. c4 e6 3. Nc3 Nf6 4. cxd5 exd5 5. Bg5 c6 6. e3 Be6 7. Bd3 Nbd7 8.
Qc2 h6 9. Bh4 g5 10. Bg3 Nh5 11. Nge2 Nxg3 12. Nxg3 h5 13. h4 gxh4 14. Nf5 Bxf5
15. Bxf5 Rg8 16. Bh3 Nf6 17. O-O-O Bb4 18. f3 Kf8 19. a3 Bxc3 20. Qxc3 Qd6 21.
Kb1 Re8 22. Rhe1 Rg3 23. Qd2 Ng4 24. e4 dxe4 25. fxe4 Qg6 26. Qf4 Kg7 27. d5
Qf6 28. Qd2 cxd5 29. exd5 Rxe1 30. Rxe1 Nf2 31. d6 Rd3 32. Qc2 Qd4 33. d7 Rd2
34. Qc1 Nxh3 35. gxh3 Qxd7 36. Rg1+ Kh7 37. Ka1 Qd4 38. Rf1 Kg7 39. Rg1+ Kf6
40. Rf1+ Kg7 41. Rg1+ Kh7 42. Rf1 Rd3 43. Kb1 Kg6 44. Qc2 Kg7 45. Qc1 Rg3 46.
Ka2 b5 47. Kb1 a5 48. Rd1 Qe4+ 49. Ka1 b4 50. axb4 axb4 51. Qc8 Qe5 52. Kb1 b3
53. Qa8 Rxh3 54. Ka1 Rg3 55. Rf1 Qf6 56. Re1 h3 57. Qa7 h2 0-1

[Event "High League 2019 m"]
[Site "Yaroslavl"]
[Date "2019.07.03"]
[Round "6.14"]
[White "Ponkratov, Pavel"]
[Black "Khanin, Semen"]
[Result "1/2-1/2"]
[WhiteElo "2649"]
[BlackElo "2529"]
[PlyCount "140"]
[EventDate "2019.??.??"]

1. c4 e5 2. Nc3 Nf6 3. g3 c6 4. d4 exd4 5. Qxd4 Na6 6. Bg2 d5 7. Bg5 dxc4 8.
Qxc4 h6 9. Rd1 Bd7 10. Bc1 Bc5 11. Nh3 Qe7 12. Nf4 Nc7 13. O-O Ne6 14. a3 O-O
15. Nd3 Bb6 16. Ne5 Rad8 17. Nxd7 Rxd7 18. Rxd7 Nxd7 19. Kh1 Nd4 20. f4 Rd8 21.
e3 Nc2 22. e4 Qc5 23. Qe2 Nd4 24. Qd1 Qc4 25. Na4 Bc7 26. b4 Nf6 27. Nb2 Qc3
28. Na4 Qc4 29. Nb2 Qc3 30. e5 Nb3 31. Qf3 Qxf3 32. Bxf3 Nd5 33. Nc4 b5 34. Ne3
Ne7 35. Nc2 Bb6 36. Be4 Nd2 37. Bxd2 Rxd2 38. Rc1 g6 39. Ne1 Re2 40. Bd3 Rd2
41. Be4 Nd5 42. Nf3 Ra2 43. Bxd5 cxd5 44. Rc3 Kf8 45. Rd3 Ke7 46. Rxd5 Rxa3 47.
Kg2 Ra2+ 48. Kh3 Ra3 49. Nd2 Ra2 50. Kg4 Rb2 51. Ne4 Rxb4 52. Nc3 Rc4 53. Nxb5
Rc5 54. Rxc5 Bxc5 55. Kf3 a5 56. Nc3 Kd7 57. Ke4 Kc6 58. g4 Bb4 59. Na4 Kb5 60.
Nb2 Ba3 61. Nd1 Bb4 62. Nb2 Bc3 63. Nd1 Bd2 64. f5 gxf5+ 65. gxf5 a4 66. Kd3
Bb4 67. e6 fxe6 68. fxe6 Kc6 69. Ne3 a3 70. Kc2 Kd6 1/2-1/2

[Event "High League 2019 m"]
[Site "Yaroslavl"]
[Date "2019.07.03"]
[Round "6.20"]
[White "Nesterov, Arseniy"]
[Black "Najer, Evgeniy"]
[Result "1-0"]
[WhiteElo "2423"]
[BlackElo "2678"]
[PlyCount "111"]
[EventDate "2019.??.??"]

1. d4 f5 2. c4 Nf6 3. Nf3 g6 4. e3 Bg7 5. b4 b6 6. Bb2 Bb7 7. Be2 O-O 8. O-O e6
9. Qb3 Qe7 10. Nc3 Nc6 11. b5 Na5 12. Qc2 Ng4 13. h3 Nh6 14. d5 e5 15. Nd2 d6
16. Nb3 Rae8 17. Nxa5 bxa5 18. Rae1 Qh4 19. Kh2 Ng4+ 20. Kg1 Nf6 21. Kh2 g5 22.
e4 f4 23. g3 Qh6 24. Kg2 Bc8 25. Rh1 g4 26. Bxg4 fxg3 27. f3 Nh5 28. Bc1 Qg6
29. Ref1 Bh6 30. Ne2 Rf7 31. c5 Bxc1 32. Qxc1 Bxg4 33. hxg4 Nf4+ 34. Nxf4 exf4
35. Re1 Qg7 36. Qa1 Re5 37. Rc1 a4 38. cxd6 cxd6 39. Rc6 h5 40. Rxh5 Rxh5 41.
Qxg7+ Rxg7 42. gxh5 Rg5 43. Rc8+ Kf7 44. Rc7+ Kf6 45. h6 Rh5 46. h7 Ke5 47.
Rxa7 Kd4 48. Rxa4+ Kc5 49. Ra7 Kxb5 50. Rf7 Rh2+ 51. Kg1 Kc5 52. Rxf4 Rxh7 53.
Kg2 Ra7 54. Kxg3 Rxa2 55. Rf6 Ra1 56. Re6 1-0

[Event "High League 2019 m"]
[Site "Yaroslavl"]
[Date "2019.07.03"]
[Round "6.24"]
[White "Vlasenko, Miroslav"]
[Black "Mirzaev, Aziz"]
[Result "1/2-1/2"]
[WhiteElo "2417"]
[BlackElo "2433"]
[PlyCount "113"]
[EventDate "2019.??.??"]

1. d4 Nf6 2. Bg5 d5 3. Nd2 c5 4. e3 Nc6 5. c3 Qb6 6. Qb3 Bf5 7. dxc5 Qxc5 8.
Ngf3 e5 9. Bb5 Nd7 10. e4 Be6 11. exd5 Bxd5 12. c4 Be6 13. O-O Qb6 14. Be3 Bc5
15. Ng5 Bxe3 16. Qxe3 Qxe3 17. fxe3 Ke7 18. Nxe6 Kxe6 19. c5 Nf6 20. b4 a5 21.
Bc4+ Ke7 22. b5 Nb4 23. Rac1 Rhd8 24. Nf3 Ng4 25. Rc3 Rac8 26. Ng5 Rxc5 27.
Rxf7+ Ke8 28. Rf1 Nd5 29. Bxd5 Rxc3 30. Bxb7 Nxe3 31. Re1 Nc4 32. Ne6 Rd6 33.
Nxg7+ Kd7 34. Bc6+ Kd8 35. Rf1 Rg6 36. Nf5 Rc2 37. a4 Kc7 38. Be4 Rc3 39. Ne7
Rd6 40. Nd5+ Rxd5 41. Bxd5 Ne3 42. Rf7+ Kd6 43. Bf3 e4 44. Bxe4 Rc1+ 45. Kf2
Rf1+ 46. Kxe3 Rxf7 47. b6 h6 48. g4 Rf1 49. h4 Ra1 50. b7 Kc7 51. g5 hxg5 52.
hxg5 Rxa4 53. g6 Ra1 54. Bg2 Re1+ 55. Kf4 Re6 56. Kf5 Rxg6 57. Kxg6 1/2-1/2

[Event "High League 2019 m"]
[Site "Yaroslavl"]
[Date "2019.07.03"]
[Round "6.28"]
[White "Bimiev, Ahmad"]
[Black "Kanter, Eduard"]
[Result "1/2-1/2"]
[WhiteElo "2238"]
[BlackElo "2392"]
[PlyCount "141"]
[EventDate "2019.??.??"]

1. c4 e6 2. Nf3 d5 3. e3 Nf6 4. b3 g6 5. Bb2 Bg7 6. Be2 O-O 7. O-O c5 8. d4
cxd4 9. Nxd4 dxc4 10. Bxc4 a6 11. Nc3 b5 12. Be2 e5 13. Nc2 Nc6 14. Ba3 Re8 15.
Qxd8 Nxd8 16. Nb4 Bb7 17. Nd3 Rc8 18. Rac1 Nd7 19. Rfd1 e4 20. Nf4 Nb6 21. Ncd5
Rxc1 22. Bxc1 Nxd5 23. Nxd5 Ne6 24. Ba3 Be5 25. f4 exf3 26. gxf3 Rd8 27. f4
Rxd5 28. Rxd5 Bxd5 29. fxe5 Ng5 30. Bb4 Nf3+ 31. Bxf3 Bxf3 32. a4 Bd5 33. axb5
axb5 34. h4 Bxb3 35. Kf2 Kg7 36. Be7 h6 37. Kg3 g5 38. hxg5 h5 39. e4 Kg6 40.
Kf4 Bd1 41. Kg3 Bg4 42. Kf4 Bd7 43. Kg3 Bc8 44. Bb4 Kxg5 45. Be7+ Kg6 46. Kf4
Bg4 47. Kg3 Be2 48. Kf4 Bf1 49. Kg3 Kh6 50. Kf4 Bg2 51. Bf8+ Kg6 52. Be7 Bh1
53. Ke3 Kg7 54. Kf4 Kh6 55. Bf8+ Kg6 56. Be7 Bg2 57. Ke3 Bh3 58. Kf4 Be6 59.
Kg3 Bd7 60. Kf4 Bc6 61. Kf3 Be8 62. Kf4 Bc6 63. Kf3 Bd7 64. Kf4 Be8 65. Kf3 f5
66. exf6 Kf7 67. Kf4 Ke6 68. e5 Bg6 69. Bd6 Bf7 70. Kg5 b4 71. Bxb4 1/2-1/2

[Event "High League 2019 m"]
[Site "Yaroslavl"]
[Date "2019.07.03"]
[Round "6.29"]
[White "Ibadov, Dashgyn"]
[Black "Galaktionov, Artem"]
[Result "1/2-1/2"]
[WhiteElo "2298"]
[BlackElo "2371"]
[PlyCount "137"]
[EventDate "2019.??.??"]

1. e4 c6 2. d4 d5 3. Nc3 dxe4 4. Nxe4 Nf6 5. Nxf6+ gxf6 6. Nf3 Bg4 7. Be2 e6 8.
Be3 Nd7 9. Qd2 Nb6 10. c4 a5 11. a3 Nc8 12. O-O Nd6 13. Rac1 Rg8 14. Rfd1 Nf5
15. d5 Bh3 16. g3 Qc7 17. dxc6 Qxc6 18. c5 Be7 19. b4 Rd8 20. Qc3 Rxd1+ 21.
Rxd1 Nxe3 22. Qxe3 axb4 23. axb4 Rg4 24. Qh6 Re4 25. Qxh3 Rxe2 26. Qg4 Re4 27.
Qg8+ Bf8 28. Ra1 Qc8 29. b5 Rb4 30. b6 Rb5 31. Nd2 Rxc5 32. Ne4 Rc1+ 33. Kg2
Ke7 34. Qh8 Rxa1 35. Qxf6+ Ke8 36. Qxa1 Qc6 37. f3 f5 38. Nf6+ Kf7 39. Nh5 Qxb6
40. Qh8 Be7 41. Nf4 Qe3 42. Qxh7+ Ke8 43. Qh8+ Kd7 44. Qb2 Kc6 45. Qa2 Kd6 46.
Qc4 Bg5 47. Ne2 Qc5 48. Qd3+ Qd5 49. Qa3+ Qc5 50. Qb3 b5 51. Qd3+ Qd5 52. Nd4
Kc5 53. Qc3+ Kb6 54. Nb3 Qc4 55. Qa5+ Kb7 56. Qa2 Kb6 57. h4 Be3 58. Qb2 Qb4
59. Kf1 Qc4+ 60. Kg2 Qd3 61. h5 Qd1 62. f4 Qd5+ 63. Kh2 Qf3 64. Qe5 Qxh5+ 65.
Kg2 Qe2+ 66. Kh3 Qh5+ 67. Kg2 Qe2+ 68. Kh3 Qh5+ 69. Kg2 1/2-1/2

[Event "High League 2019 m"]
[Site "Yaroslavl"]
[Date "2019.07.04"]
[Round "7.1"]
[White "Predke, Alexandr"]
[Black "Sarana, Alexey"]
[Result "0-1"]
[WhiteElo "2632"]
[BlackElo "2641"]
[PlyCount "108"]
[EventDate "2019.??.??"]

1. e4 c5 2. Nc3 d6 3. d4 cxd4 4. Qxd4 Nf6 5. Bg5 Nc6 6. Qd2 h6 7. Bxf6 gxf6 8.
O-O-O Bg7 9. Bd3 Qa5 10. Kb1 f5 11. Nd5 Qxd2 12. Rxd2 fxe4 13. Bxe4 Rb8 14. Ne2
e6 15. Ndf4 d5 16. Bd3 O-O 17. Nh5 e5 18. f4 e4 19. Bb5 Ne7 20. Nxg7 Kxg7 21.
Nd4 h5 22. Re1 Kf6 23. Re3 Be6 24. Be2 h4 25. c4 Rbd8 26. cxd5 Bxd5 27. Rd1 Nf5
28. Nxf5 Kxf5 29. g3 Bc6 30. Rxd8 Rxd8 31. Kc2 hxg3 32. hxg3 Kg6 33. b3 f5 34.
Rc3 Rh8 35. Re3 a6 36. a4 Rh1 37. Kc3 Kf6 38. Kd4 Bd7 39. Kc3 Be6 40. Kd2 Rg1
41. Rc3 Bd5 42. b4 Ke6 43. b5 a5 44. Bd1 Kd6 45. Be2 Be6 46. Bh5 Kd5 47. Rc7
Kd4 48. Ke2 e3 49. Bf7 Bxf7 50. Rxf7 Rg2+ 51. Kd1 Ke4 52. Rxb7 Kf3 53. Re7 Rg1+
54. Kc2 e2 0-1

[Event "High League 2019 m"]
[Site "Yaroslavl"]
[Date "2019.07.04"]
[Round "7.2"]
[White "Rakhmanov, Aleksandr"]
[Black "Fedoseev, Vladimir"]
[Result "1/2-1/2"]
[WhiteElo "2615"]
[BlackElo "2680"]
[PlyCount "102"]
[EventDate "2019.??.??"]

1. Nf3 Nf6 2. g3 g6 3. Bg2 Bg7 4. O-O O-O 5. d4 d5 6. c4 c6 7. cxd5 cxd5 8. Nc3
Nc6 9. Ne5 e6 10. Be3 Bd7 11. Qd2 Ne8 12. Nxc6 Bxc6 13. Bh6 Bxh6 14. Qxh6 Nd6
15. b3 Rc8 16. Qd2 Qa5 17. Rfc1 Bd7 18. Ne4 Qxd2 19. Nxd2 Nb5 20. Nf3 f6 21. e3
Rc3 22. Rxc3 Nxc3 23. Bf1 Rc8 24. Ne1 Ne4 25. f3 Nd6 26. Kf2 g5 27. Bh3 Kf7 28.
Ke2 h5 29. Kd2 Ke7 30. Nd3 b6 31. a4 a5 32. Rc1 Rh8 33. Rh1 Nf7 34. Bg2 Kd6 35.
e4 dxe4 36. fxe4 e5 37. d5 h4 38. Nb2 Kc7 39. Nc4 Nd6 40. Ne3 hxg3 41. hxg3
Rxh1 42. Bxh1 f5 43. exf5 Bxf5 44. Bf3 Be4 45. Bxe4 Nxe4+ 46. Kd3 Nxg3 47. Nc4
e4+ 48. Ke3 Kb7 49. Nd6+ Kc7 50. Nc4 Kb7 51. Nd6+ Kc7 1/2-1/2

[Event "High League 2019 m"]
[Site "Yaroslavl"]
[Date "2019.07.04"]
[Round "7.3"]
[White "Esipenko, Andrey"]
[Black "Sjugirov, Sanan"]
[Result "1/2-1/2"]
[WhiteElo "2611"]
[BlackElo "2667"]
[PlyCount "105"]
[EventDate "2019.??.??"]

1. e4 e5 2. Nf3 Nc6 3. Bc4 Nf6 4. d3 Be7 5. O-O O-O 6. Re1 d6 7. a4 Na5 8. Ba2
c5 9. Nc3 Nc6 10. Nd5 Nxd5 11. Bxd5 Kh8 12. c3 f5 13. exf5 Bxf5 14. Qe2 Qe8 15.
Nd2 Qg6 16. Be4 Rad8 17. Nf1 d5 18. Bxf5 Rxf5 19. Ng3 Rf7 20. Bd2 Rdf8 21. Rf1
a6 22. Be3 b6 23. Rad1 Bh4 24. Bc1 h6 25. Be3 Kh7 26. Bd2 a5 27. Bc1 Kg8 28.
Bd2 Kh8 29. Bc1 Kh7 30. Bd2 Bd8 31. Bc1 Bh4 32. Bd2 Be7 33. Be3 Bd8 34. Bd2 Bh4
35. Bc1 Bxg3 36. hxg3 h5 37. Kh2 Qg4 38. f3 Qxa4 39. Rh1 Kg8 40. Kg1 Rf5 41. f4
Ne7 42. Rxh5 Rxh5 43. Qxh5 exf4 44. Bxf4 Qe8 45. Qe5 Qd7 46. Re1 Ng6 47. Qc7
Qb5 48. Bd6 Rf7 49. Qc8+ Kh7 50. Qh3+ Kg8 51. Qc8+ Kh7 52. Qh3+ Kg8 53. Qc8+
1/2-1/2

[Event "High League 2019 m"]
[Site "Yaroslavl"]
[Date "2019.07.04"]
[Round "7.4"]
[White "Sakaev, Konstantin"]
[Black "Motylev, Alexander"]
[Result "1/2-1/2"]
[WhiteElo "2584"]
[BlackElo "2654"]
[PlyCount "50"]
[EventDate "2019.??.??"]

1. d4 d5 2. c4 c6 3. Nf3 Nf6 4. Nc3 e6 5. Bg5 h6 6. Bh4 dxc4 7. e4 g5 8. Bg3 b5
9. Be2 Bb7 10. h4 g4 11. Ne5 Rg8 12. Nxg4 Nbd7 13. Nxf6+ Qxf6 14. Qd2 b4 15.
Na4 c5 16. Nxc5 Nxc5 17. dxc5 Bxc5 18. O-O-O Bxe4 19. Qd7+ Kf8 20. Qc7 Be7 21.
Bxc4 Bd8 22. Qc5+ Be7 23. Qc7 Bd8 24. Qc5+ Be7 25. Qc7 Bd8 1/2-1/2

[Event "High League 2019 m"]
[Site "Yaroslavl"]
[Date "2019.07.04"]
[Round "7.5"]
[White "Alekseenko, Kirill"]
[Black "Iljiushenok, Ilia"]
[Result "1-0"]
[WhiteElo "2650"]
[BlackElo "2549"]
[PlyCount "109"]
[EventDate "2019.??.??"]

1. e4 c6 2. d4 d5 3. e5 c5 4. Nf3 cxd4 5. Nxd4 Nc6 6. f4 Nh6 7. c3 a6 8. Nd2
Nxd4 9. cxd4 Qb6 10. Nb3 Bg4 11. Qc2 Rc8 12. Nc5 e6 13. h3 Bxc5 14. dxc5 Rxc5
15. Qa4+ Rc6 16. hxg4 Nxg4 17. Bd2 Nf2 18. Rh3 Nxh3 19. gxh3 Qxb2 20. Rd1 O-O
21. Bd3 Qb6 22. Ke2 Rfc8 23. Rb1 Qc7 24. Qd4 Qe7 25. Qf2 b5 26. Qg3 f5 27. exf6
Qxf6 28. Re1 Re8 29. Qf3 g6 30. Kf2 Rc7 31. Re5 Rf7 32. Qe3 Qh4+ 33. Kg2 Ref8
34. Qg3 Qxg3+ 35. Kxg3 Re8 36. h4 Rc7 37. h5 Kf7 38. Kf3 Rg8 39. Rg5 Rcc8 40.
Ke3 Rb8 41. a3 Rbc8 42. Kd4 Kf6 43. Be3 Rc7 44. Rg1 Rcc8 45. Rh1 Rc7 46. Bd2
Rcc8 47. Bb4 g5 48. Rf1 gxf4 49. Rxf4+ Kg5 50. Ke5 Kxh5 51. Be7 Rg5+ 52. Kf6
Kh6 53. Bb4 Rh5 54. Rf2 Rh1 55. Be2 1-0

[Event "High League 2019 m"]
[Site "Yaroslavl"]
[Date "2019.07.04"]
[Round "7.8"]
[White "Dreev, Aleksey"]
[Black "Lysyj, Igor"]
[Result "1-0"]
[WhiteElo "2657"]
[BlackElo "2623"]
[PlyCount "59"]
[EventDate "2019.??.??"]

1. d4 d5 2. Nf3 e6 3. Bf4 Nf6 4. e3 Bd6 5. Nbd2 O-O 6. Bd3 b6 7. Bg5 Nbd7 8. e4
dxe4 9. Bxe4 Rb8 10. Bc6 Bb7 11. Bxb7 Rxb7 12. Qe2 c5 13. O-O cxd4 14. Nxd4 Qb8
15. N2f3 Re8 16. Rad1 e5 17. Nf5 Bf8 18. Rfe1 g6 19. Nh6+ Bxh6 20. Bxh6 e4 21.
Ng5 Rc7 22. h3 Rc5 23. Rd4 e3 24. fxe3 Qg3 25. Nf3 Ne5 26. Rf1 Nc6 27. Rf4 Nd5
28. Qd2 Ncb4 29. Rxb4 Nxb4 30. Qd4 1-0

[Event "High League 2019 m"]
[Site "Yaroslavl"]
[Date "2019.07.04"]
[Round "7.9"]
[White "Romanov, Evgeny"]
[Black "Zvjaginsev, Vadim"]
[Result "1/2-1/2"]
[WhiteElo "2577"]
[BlackElo "2644"]
[PlyCount "96"]
[EventDate "2019.??.??"]

1. Nf3 d6 2. d4 Nf6 3. Nc3 Bf5 4. Nh4 Bd7 5. e4 e5 6. Nf3 Nc6 7. Be2 g6 8. Bg5
Bg7 9. dxe5 dxe5 10. Nd5 h6 11. Bxf6 Bxf6 12. Qd3 Bg7 13. O-O-O Nd4 14. h4 c6
15. Ne3 Qc7 16. h5 O-O-O 17. hxg6 fxg6 18. Nh4 Be8 19. Kb1 Bf7 20. c3 Nf5 21.
exf5 Rxd3 22. Bxd3 e4 23. Bc4 gxf5 24. Nhxf5 Bf8 25. Bxf7 Qxf7 26. Rh4 Qe6 27.
Rd4 Bc5 28. Rhxe4 Qf6 29. Rd2 Bxe3 30. Nxe3 Qg6 31. f3 Re8 32. Rd6 Qxd6 33.
Rxe8+ Kd7 34. Re4 Qd3+ 35. Ka1 c5 36. a4 a6 37. a5 Qb5 38. Nc4 Qa4+ 39. Kb1
Qd1+ 40. Ka2 Qa4+ 41. Kb1 Qd1+ 42. Ka2 h5 43. Nb6+ Kc6 44. c4 Qd2 45. Re6+ Kc7
46. Re7+ Kc6 47. Re6+ Kc7 48. Re7+ Kc6 1/2-1/2